First Congress International Society of Aesthetic Plastic Surgery (Record no. 46709)

MARC details
000 -LEADER
campo de control de longitud fija 00565nam a2200157 i 4500
001 - NÚMERO DE CONTROL
campo de control 46709
003 - IDENTIFICADOR DE NÚMERO DE CONTROL
campo de control ES-MaACL
005 - FECHA Y HORA DE LA ÚLTIMA TRANSACCIÓN
campo de control 20230906161431.0
007 - CAMPO FIJO DE DESCRIPCIÓN FÍSICA--INFORMACIÓN GENERAL
campo de control de longitud fija t|
008 - DATOS DE LONGITUD FIJA--INFORMACIÓN GENERAL
campo de control de longitud fija 030331s1972 bl ||||1| eng d
111 2# - ENTRADA PRINCIPAL--NOMBRE DE CONGRESO/REUNIÓN
Nombre de congreso/reunión o jurisdicción como elemento de entrada Congress International Society of Aesthetic Plastic Surgery (
Número del congreso/reunión o número de parte o sección 1st.
Fecha del congreso o de la firma del tratado 1972.
Sede del congreso/Lugar de la reunión Rio de Janeiro)
9 (RLIN) 583
245 10 - MENCIÓN DEL TÍTULO
Título First Congress International Society of Aesthetic Plastic Surgery
Resto del título : Rio de Janeiro, 1972.
260 ## - PUBLICACIÓN, DISTRIBUCIÓN, ETC.
Lugar de publicación, distribución, etc. Rio de Janeiro :
Nombre del editor, distribuidor, etc. Pub. controladas F.M.,
Fecha de publicación, distribución, etc. 1972.
300 ## - DESCRIPCIÓN FÍSICA
Extensión VIII, 60, XX p. ;
Dimensiones 24 cm.
852 ## - LOCALIZACIÓN
Ubicación ES-MaACL
Número de control de estantería C-40982
Sublocalización o colección R.80320
Holdings
Estatus retirado Estado de pérdida Estado de daño No para préstamo Biblioteca de origen Biblioteca actual Ubicación en estantería Fecha de adquisición Fuente de adquisición Total de préstamos Signatura topográfica completa Código de barras Visto por última vez Precio de reemplazo Tipo de ítem Koha
        Biblioteca del Ateneo de Madrid Biblioteca del Ateneo de Madrid Depósito 2 17/01/2008     C-40982 1049128 23/02/2023 23/02/2023 Libro impreso